1929 1981 1263 1038 1613 1988 1333 1228 1767 1679 1489 1428 1570 1740 1823 1432 1357 1516 1728 1329 1004 1347 1246 1864 1340 1622 1701 1443 1844 1084 1872 1417 1929 1849 1487 1998 1494 1829 1920 1753 1234 1089 1425 1206 1716 1935 1807 1816 1285 1392 1842 1264 1734 1077 1785 1915 1205 1955 1537 1899 1451 1840 1185 1993 1319 1242 1774 1498 1599 1162 1405 1404 1080 1241 1520 1870 1974 1227 1364 1629 1604 1846 1378 1887 1919 1361 1125 1935 1124 1823 1315 1614 1401 1447 1061 1450 1949 1044 1639 BCNSPRNW ULIB Ver.6.0+V

เปลี่ยนเป็นภาษาไทย

Change to English
 แสดงรายละเอียดบรรณานุกรม
  กลับหน้าหลัก

Brief Record : Get Marc (ISO 2709) : E-mail record : QR code < ปิดหน้าต่าง
LEADER : 00000nam 2200000 a 4500
001    13399113540
003     ULIB
008    970822s2552 th 000 1 tha d
020    ^a9749694558
090    ^aนว^bส917ป 2552
100 0  ^aวรางคณา
245 0  ^aปีศาจแสนกล /^cวรางคณา
260    ^aกรุงเทพฯ :^bดอกหญ้า,^c2552
300    ^a391 หน้า ;^c18 ซม.
650  4 ^aนวนิยายไทย
945    ^p225^l0^i15826
995    ^aเกษร
999 ^a ใช้งานได้ทุกระบบ
รายการนี้ยังไม่มีแท็ก
คุณยังไม่ได้ล็อกอิน คุณสามารถมีกิจกรรมร่วมกับเว็บไซต์ได้ แต่ต้องล็อกอินก่อน ::
  ล็อกอิน

รายการสื่อสารสนเทศ

ลำดับที่ ประเภท เลขเรียก/บาร์โค้ด สถานที่ สถานะ
1. วิทยาศาสตร์การแพทย์ และสุขภาพ
วิทยาศาสตร์การแพทย์ และสุขภาพ
นว ส917ป 2552  
  Barcode: 15826
ห้องสมุดวิทยาเขตสวรรค์ประชารักษ์
►นวนิยาย
บนชั้น
  ขอยืม

รายการใกล้เคียง
    ผู้แต่ง [วรางคณา]

    หัวเรื่อง [นวนิยายไทย]

BibComment


ยังไม่เคยถูกคอมเมนท์

คอมเมนท์ทรัพยากรรายการนี้
  คอมเมนท์: ปีศาจแสนกล วราง..


 Copyright 2026. Bcnsprnw @Library